Human resource management
Contents: The human resource management funtion; Planning and selecting personnel; Developing emloyee potential; Compensation, benefits, health and safety...
Đã lưu trong:
| 主要作者: | |
|---|---|
| 格式: | 圖書 |
| 語言: | Undetermined |
| 出版: |
Boston
PWS-Kent Pub. Co.
1990
|
| 主題: | |
| 標簽: |
添加標簽
沒有標簽, 成為第一個標記此記錄!
|
| Thư viện lưu trữ: | Trung tâm Học liệu Trường Đại học Cần Thơ |
|---|
| LEADER | 00671nam a2200193Ia 4500 | ||
|---|---|---|---|
| 001 | CTU_185906 | ||
| 008 | 210402s9999 xx 000 0 und d | ||
| 082 | |a 658.3 | ||
| 082 | |b S617 | ||
| 100 | |a Singer, Marc G. | ||
| 245 | 0 | |a Human resource management | |
| 245 | 0 | |c Marc G. Singer | |
| 260 | |a Boston | ||
| 260 | |b PWS-Kent Pub. Co. | ||
| 260 | |c 1990 | ||
| 520 | |a Contents: The human resource management funtion; Planning and selecting personnel; Developing emloyee potential; Compensation, benefits, health and safety... | ||
| 650 | |a Personnel management,Quản trị nhân sự | ||
| 904 | |i Giang | ||
| 980 | |a Trung tâm Học liệu Trường Đại học Cần Thơ | ||